[Event "Pereira op"]
[Site "Pereira"]
[Date "2023.09.23"]
[Round "1"]
[White "Gallego, Julian Andres"]
[Black "Susunaga Duran, Madelen Fernanda"]
[Result "1-0"]
[WhiteElo "2195"]
[BlackElo "1390"]
[PlyCount "47"]
[EventDate "2023.09.23"]
[EventType "swiss"]
[EventRounds "6"]
[EventCountry "COL"]
[SourceTitle "EXT 2024"]
[Source "ChessBase"]
[SourceDate "2023.10.10"]
[SourceVersion "1"]
[SourceVersionDate "2023.10.10"]
[SourceQuality "1"]

1. d4 Nf6 2. Nf3 g6 3. g3 Bg7 4. Bg2 d5 5. 0-0 0-0 6. Bf4 Nbd7 7. Nbd2 Nh5 8. Bg5 f5 9. Bf4 Nxf4 10. gxf4 e6 11. e3 c5 12. c3 cxd4 13. cxd4 b6 14. Qb3 Bb7 15. Rfc1 Nb8 16. Rc3 Nc6 17. Rac1 Rc8 18. Qa4 Qd6 19. a3 Rc7 20. Ne5 Rfc8 21. Nxc6 Bxc6 22. Qc2 a6 23. Bf1 b5 24. Nb3 1-0

[Event "Pereira Fiestas de la Cosecha op"]
[Site "Pereira"]
[Date "2023.08.27"]
[Round "7"]
[White "Esmeraldas Huachi, Anderson Yahir"]
[Black "Gallego, Julian Andres"]
[Result "0-1"]
[WhiteElo "2141"]
[BlackElo "2178"]
[PlyCount "62"]
[EventDate "2023.08.24"]
[EventType "swiss"]
[EventRounds "7"]
[EventCountry "COL"]
[SourceTitle "EXT 2024"]
[Source "ChessBase"]
[SourceDate "2023.10.10"]
[SourceVersion "1"]
[SourceVersionDate "2023.10.10"]
[SourceQuality "1"]

1. d4 Nf6 2. c4 e6 3. Nf3 b6 4. g3 Ba6 5. Qc2 Bb4+ 6. Bd2 Be7 7. Bg2 d5 8. cxd5 exd5 9. Nc3 0-0 10. 0-0 Re8 11. Rfe1 Bb7 12. Bf4 a6 13. Rac1 Nbd7 14. Na4 c5 15. dxc5 bxc5 16. b4 c4 17. Red1 Bxb4 18. Rb1 a5 19. a3 Bc6 20. axb4 axb4 21. Rxb4 Qa5 22. Qb2 Rxe2 23. Bd2 Bxa4 24. Ra1 Qc5 25. Nd4 Rxd2 26. Qxd2 c3 27. Qg5 Qxb4 28. Nf5 Qf8 29. Bxd5 Nxd5 30. Nh6+ Kh8 31. Qxd5 gxh6 0-1

[Event "COL-chT"]
[Site "Santa Marta"]
[Date "2022.11.04"]
[Round "5.1"]
[White "Mateus Urbano, Luis Alejandro"]
[Black "Gallego, Julian Andres"]
[Result "1/2-1/2"]
[WhiteElo "2308"]
[BlackElo "2139"]
[PlyCount "53"]
[EventDate "2022.11.02"]
[EventType "team-swiss"]
[EventRounds "7"]
[EventCountry "COL"]
[SourceTitle "CBM 211 Extra"]
[Source "ChessBase"]
[SourceDate "2023.01.31"]
[SourceVersion "1"]
[SourceVersionDate "2023.01.31"]
[SourceQuality "1"]
[WhiteTeam "Valle II"]
[BlackTeam "Risaralda II"]
[WhiteTeamCountry "COL"]
[BlackTeamCountry "COL"]

1. e4 c6 2. d4 d5 3. exd5 cxd5 4. c4 Nf6 5. Nc3 g6 6. cxd5 Bg7 7. Bb5+ Nbd7 8. Nge2 0-0 9. Nf4 Nb6 10. Qb3 Ne8 11. Be3 Nd6 12. Be2 Bf5 13. 0-0 Rc8 14. Rac1 Nbc4 15. Nb5 Nxb5 16. Rxc4 Rxc4 17. Qxc4 Nd6 18. Qb4 Qd7 19. Rc1 Rc8 20. Rxc8+ Nxc8 21. h3 Bf8 22. Qb5 Qxb5 23. Bxb5 Nb6 24. a3 Be4 25. d6 exd6 26. f3 Bc2 27. Kf1 1/2-1/2

[Event "Pereira Fiestas de la Cosecha"]
[Site "Pereira"]
[Date "2022.08.25"]
[Round "4"]
[White "Orbe Vivero, Veronica Priscila"]
[Black "Gallego, Julian Andres"]
[Result "1/2-1/2"]
[WhiteElo "1724"]
[BlackElo "2162"]
[PlyCount "101"]
[EventDate "2022.08.24"]
[EventType "swiss"]
[EventRounds "10"]
[EventCountry "COL"]
[SourceTitle "CBM 210 Extra"]
[Source "ChessBase"]
[SourceDate "2022.11.30"]
[SourceVersion "1"]
[SourceVersionDate "2022.11.30"]
[SourceQuality "1"]

1. e4 c5 2. c3 Nf6 3. e5 Nd5 4. d4 e6 5. Nf3 d6 6. Bc4 Nc6 7. 0-0 dxe5 8. dxe5 Nb6 9. Bd3 Qc7 10. Qe2 Bd7 11. Bf4 f5 12. Bg3 g6 13. a4 Nd5 14. Na3 Na5 15. Ng5 Qd8 16. h4 a6 17. Bxf5 exf5 18. e6 Bc6 19. Nf7 Qf6 20. c4 Nb4 21. Nxh8 Qxh8 22. e7 Bg7 23. Rad1 Nb3 24. Rd8+ Rxd8 25. exd8Q+ Kxd8 26. Qe6 Qe8 27. Rd1+ Nd4 28. Qd6+ Qd7 29. Rxd4 cxd4 30. Qxb4 Bxa4 31. c5 Bb5 32. Bd6 Ke8 33. Nxb5 axb5 34. Qb3 Bf8 35. Qd5 Qf7 36. Qxd4 Bg7 37. Qb4 Qd7 38. Qb3 Bf8 39. Qd5 Qf7 40. Qd3 Qc4 41. Qe3+ Qe4 42. Qc3 Qxh4 43. Qh8 Qh6 44. Qe5+ Kd7 45. Qd5 Qc1+ 46. Kh2 Bxd6+ 47. Qxd6+ Kc8 48. Qe6+ Kb8 49. Qd6+ Kc8 50. Qe6+ Kb8 51. Qd6+ 1/2-1/2

[Event "Pereira Gildardo Garcia Memorial-A"]
[Site "Pereira"]
[Date "2022.05.22"]
[Round "10"]
[White "Gallego, Julian Andres"]
[Black "Lopez Idarraga, Daniel Eduardo"]
[Result "0-1"]
[WhiteElo "2154"]
[BlackElo "2028"]
[PlyCount "74"]
[EventDate "2022.05.18"]
[EventType "swiss"]
[EventRounds "10"]
[EventCountry "COL"]
[SourceTitle "CBM 208 Extra"]
[Source "ChessBase"]
[SourceDate "2022.07.31"]
[SourceVersion "1"]
[SourceVersionDate "2022.07.31"]
[SourceQuality "1"]

1. c4 c6 2. g3 d5 3. Bg2 Nf6 4. Qc2 Bg4 5. h3 Bh5 6. cxd5 cxd5 7. Qb3 Qc8 8. Nc3 e6 9. d3 Nc6 10. Bg5 Be7 11. Nf3 0-0 12. 0-0 Bxf3 13. exf3 h6 14. Bd2 Nd7 15. Rac1 Nc5 16. Qc2 Nb4 17. Qb1 Nbxd3 18. b4 Nxc1 19. bxc5 d4 20. Rxc1 dxc3 21. Rxc3 Rd8 22. Be3 Qd7 23. Kh2 Rac8 24. f4 Rc7 25. Qh1 Rdc8 26. f5 exf5 27. Bxb7 Rxb7 28. c6 Qd8 29. cxb7 Rxc3 30. Bxa7 Bd6 31. Qa1 Bxg3+ 32. Kg1 Rd3 33. Qb2 Bb8 34. Bxb8 Qxb8 35. Qc2 Rd8 36. Qc6 Kh7 37. a4 Rd1+ 0-1

[Event "Pereira Gildardo Garcia Memorial-A"]
[Site "Pereira"]
[Date "2022.05.21"]
[Round "8"]
[White "Torres, Juan Camilo"]
[Black "Gallego, Julian Andres"]
[Result "1-0"]
[WhiteElo "2273"]
[BlackElo "2154"]
[PlyCount "97"]
[EventDate "2022.05.18"]
[EventType "swiss"]
[EventRounds "10"]
[EventCountry "COL"]
[SourceTitle "CBM 208 Extra"]
[Source "ChessBase"]
[SourceDate "2022.07.31"]
[SourceVersion "1"]
[SourceVersionDate "2022.07.31"]
[SourceQuality "1"]

1. d4 Nf6 2. Nf3 e6 3. c4 b6 4. g3 Ba6 5. Qc2 Bb4+ 6. Bd2 Be7 7. Bg2 d5 8. cxd5 exd5 9. Nc3 0-0 10. 0-0 Re8 11. Bf4 Bb4 12. Ne5 Bxc3 13. bxc3 c6 14. c4 Bb7 15. cxd5 Nxd5 16. Qb3 Re6 17. Rfd1 Na6 18. Rac1 Nac7 19. Nxc6 Rxc6 20. Rxc6 Bxc6 21. Bxc7 Qd7 22. Be5 Re8 23. Rc1 Ba8 24. e4 Ne7 25. Rc7 Qd8 26. Rxa7 Bc6 27. h4 Bd7 28. Bc7 Qc8 29. d5 Ng6 30. h5 Nf8 31. Qxb6 Bg4 32. Qb7 Qd7 33. Bd6 Qxb7 34. Rxb7 Bxh5 35. a4 Be2 36. a5 Rc8 37. f4 h5 38. Rb8 Rxb8 39. Bxb8 Nd7 40. Bd6 Bd3 41. e5 Bc4 42. Kf2 Kh7 43. Ke3 g5 44. fxg5 Kg6 45. Kf4 Kg7 46. Be4 Nf8 47. Bxf8+ Kxf8 48. d6 Ba6 49. g6 1-0

[Event "Pereira Gildardo Garcia Memorial-A"]
[Site "Pereira"]
[Date "2022.05.20"]
[Round "5"]
[White "Gallego, Julian Andres"]
[Black "Marin, Sebastian"]
[Result "0-1"]
[WhiteElo "2154"]
[BlackElo "2315"]
[PlyCount "46"]
[EventDate "2022.05.18"]
[EventType "swiss"]
[EventRounds "10"]
[EventCountry "COL"]
[SourceTitle "CBM 208 Extra"]
[Source "ChessBase"]
[SourceDate "2022.07.31"]
[SourceVersion "1"]
[SourceVersionDate "2022.07.31"]
[SourceQuality "1"]

1. Nf3 Nf6 2. g3 d5 3. Bg2 c6 4. 0-0 Bg4 5. d3 Nbd7 6. Nbd2 e5 7. e4 Bd6 8. h3 Bh5 9. Qe1 0-0 10. Nh4 Re8 11. Ndf3 Nc5 12. Nh2 Ne6 13. Nf5 Bc7 14. f4 dxe4 15. dxe4 exf4 16. gxf4 Bg6 17. Nh6+ gxh6 18. f5 Ng5 19. fxg6 hxg6 20. Ng4 Nxg4 21. hxg4 Nxe4 22. Bf4 Bb6+ 23. Kh1 Nf2+ 0-1

[Event "Pereira Gildardo Garcia Memorial-A"]
[Site "Pereira"]
[Date "2022.05.19"]
[Round "3"]
[White "Gallego, Julian Andres"]
[Black "Sanchez, Sebastian Felipe"]
[Result "1-0"]
[WhiteElo "2154"]
[BlackElo "2450"]
[PlyCount "160"]
[EventDate "2022.05.18"]
[EventType "swiss"]
[EventRounds "10"]
[EventCountry "COL"]
[SourceTitle "CBM 208 Extra"]
[Source "ChessBase"]
[SourceDate "2022.07.31"]
[SourceVersion "1"]
[SourceVersionDate "2022.07.31"]
[SourceQuality "1"]

1. d4 Nf6 2. Nf3 d5 3. c4 c6 4. e3 Bf5 5. Nc3 e6 6. Be2 Nbd7 7. Nh4 Bg6 8. Nxg6 hxg6 9. h3 Bd6 10. Qc2 Rc8 11. cxd5 cxd5 12. Qb3 Qb6 13. Bd2 Qxb3 14. axb3 a6 15. 0-0 Rc6 16. Rfc1 Ke7 17. Kf1 Rhc8 18. Bf3 Kd8 19. Ke1 Nb8 20. Kd1 R6c7 21. g4 Nc6 22. Na2 Kd7 23. Ke2 g5 24. Bg2 Ne7 25. Rxc7+ Rxc7 26. Rc1 Rxc1 27. Nxc1 Ne4 28. Be1 f5 29. gxf5 exf5 30. Na2 Nc6 31. Nc3 Ke6 32. Nxe4 dxe4 33. f3 Kd5 34. Kd1 b5 35. fxe4+ fxe4 36. Bf1 Ne7 37. Ba5 Nf5 38. Kd2 Ng3 39. Bg2 Be7 40. Ke1 Nf5 41. Kf2 Bd6 42. Bd8 Bg3+ 43. Ke2 Bh4 44. Bc7 g6 45. Ba5 Ng3+ 46. Kd2 Nf5 47. Ke2 Bg3 48. Bd8 Bf4 49. exf4 gxf4 50. Bf6 f3+ 51. Bxf3 exf3+ 52. Kxf3 a5 53. Kf4 Ke6 54. Be5 Ne7 55. Kg5 Kf7 56. Bc7 a4 57. bxa4 bxa4 58. Bd6 Nd5 59. Ba3 Nb6 60. Kf4 Ke6 61. Ke4 Nd5 62. Bc5 Nf6+ 63. Kd3 Kd5 64. Kc3 Ne4+ 65. Kb4 Nf2 66. Kxa4 Nxh3 67. b4 g5 68. b5 Nf4 69. Ka5 Ne6 70. b6 Nd8 71. Ka6 Nc6 72. Ba3 g4 73. Bc1 Kxd4 74. b7 Nb8+ 75. Kb6 Ke4 76. Ba3 g3 77. Bd6 g2 78. Bh2 Kf3 79. Bg1 Ke2 80. Ka7 Nc6+ 1-0

[Event "COL-ch U2300"]
[Site "Pereira"]
[Date "2022.02.16"]
[Round "1"]
[White "Garcia Alarcon, Alvaro"]
[Black "Gallego, Julian Andres"]
[Result "1-0"]
[WhiteElo "1989"]
[BlackElo "2185"]
[PlyCount "127"]
[EventDate "2022.02.16"]
[EventType "swiss"]
[EventRounds "9"]
[EventCountry "COL"]
[SourceTitle "CBM 207 Extra"]
[Source "ChessBase"]
[SourceDate "2022.05.31"]
[SourceVersion "1"]
[SourceVersionDate "2022.05.31"]
[SourceQuality "1"]

1. d4 Nf6 2. c4 e6 3. Nf3 b6 4. g3 Ba6 5. Qc2 Be7 6. Bg2 c6 7. 0-0 d5 8. cxd5 cxd5 9. Ne5 0-0 10. Nc3 Nfd7 11. Nxd7 Qxd7 12. Bf4 Nc6 13. Qd2 Bf6 14. Be3 Na5 15. b3 Rac8 16. Rac1 Rc6 17. Bf3 Rfc8 18. Na4 Nb7 19. Rxc6 Rxc6 20. Nb2 Nd6 21. Nd3 Rc8 22. Nb4 Bb7 23. Rc1 Nf5 24. Rxc8+ Qxc8 25. Nc2 h6 26. Bg2 g5 27. f3 a5 28. Bf2 Nd6 29. Ne3 Nb5 30. Nd1 Be7 31. h4 Bb4 32. Qb2 Ba3 33. Qb1 Bc1 34. a4 Na3 35. Qa2 Qc2 36. Qxc2 Nxc2 37. hxg5 hxg5 38. e4 Na1 39. Nc3 Nxb3 40. exd5 Bb2 41. d6 Kf8 42. Nb5 Bc6 43. Bf1 Bxb5 44. Bxb5 Bxd4 45. g4 Bxf2+ 46. Kxf2 Nd4 47. Bd7 Kg7 48. Ke3 e5 49. Ke4 Kf6 50. Bf5 b5 51. axb5 Nxb5 52. Kd5 a4 53. Kc6 a3 54. Bb1 Nd4+ 55. Kc7 Nb5+ 56. Kc6 Nd4+ 57. Kc7 Ne6+ 58. Kc8 Nc5 59. d7 Nxd7 60. Kxd7 e4 61. fxe4 Ke5 62. Ke7 Kf4 63. Kxf7 Kxg4 64. e5 1-0

[Event "COL Subzt 2.3.4"]
[Site "Risarald"]
[Date "2021.11.26"]
[Round "7"]
[White "Llano Buritica, Eduardo Alejandro"]
[Black "Gallego, Julian Andres"]
[Result "0-1"]
[WhiteElo "1951"]
[BlackElo "2186"]
[PlyCount "54"]
[EventDate "2021.11.23"]
[EventType "swiss"]
[EventRounds "9"]
[EventCountry "COL"]
[SourceTitle "CBM 205 Extra"]
[Source "ChessBase"]
[SourceDate "2022.01.31"]
[SourceVersion "1"]
[SourceVersionDate "2022.01.31"]
[SourceQuality "1"]

1. d4 d5 2. c4 e6 3. Nc3 Nf6 4. cxd5 exd5 5. Bg5 c6 6. e3 Be7 7. Bd3 0-0 8. Nge2 h6 9. Bh4 Re8 10. 0-0 Nbd7 11. Qc2 Nh5 12. Bxe7 Qxe7 13. Rac1 Qh4 14. Ng3 Ndf6 15. Rfe1 Nxg3 16. hxg3 Qh5 17. f3 Qg5 18. Qf2 Bf5 19. Bf1 Re7 20. b4 Rae8 21. Nd1 Bd7 22. Re2 Re4 23. Rec2 Rg4 24. Kh2 Ree4 25. Be2 Rxg3 26. Nc3 Rh4+ 27. Kg1 Rgh3 0-1

[Event "COL Subzt 2.3.4"]
[Site "Risarald"]
[Date "2021.11.23"]
[Round "1"]
[White "Bolanos Lopez, Juan Jacobo"]
[Black "Gallego, Julian Andres"]
[Result "1-0"]
[WhiteElo "1759"]
[BlackElo "2186"]
[PlyCount "63"]
[EventDate "2021.11.23"]
[EventType "swiss"]
[EventRounds "9"]
[EventCountry "COL"]
[SourceTitle "CBM 205 Extra"]
[Source "ChessBase"]
[SourceDate "2022.01.31"]
[SourceVersion "1"]
[SourceVersionDate "2022.01.31"]
[SourceQuality "1"]

1. e4 c5 2. c3 d5 3. exd5 Qxd5 4. d4 Nf6 5. Nf3 Nc6 6. Be3 cxd4 7. cxd4 e6 8. Nc3 Qd6 9. Bc4 Nb4 10. Ne5 Be7 11. a3 Nbd5 12. Nxd5 Nxd5 13. Bb5+ Kf8 14. Qh5 g6 15. Qh6+ Kg8 16. Be8 Qxe5 17. dxe5 Nc7 18. Ba4 a6 19. Bg5 Bf8 20. Qh4 h6 21. Bf6 Rh7 22. Rd1 b5 23. Bb3 Bb7 24. Rd7 Rc8 25. Bd8 Bd5 26. Rxc7 Rxc7 27. Bxc7 Bxb3 28. Bd6 Rh8 29. Qd8 Kg7 30. Qf6+ Kh7 31. Qxf7+ Bg7 32. Be7 1-0

[Event "Manizales Las Americas op-A"]
[Site "Manizales"]
[Date "2021.10.18"]
[Round "9"]
[White "Gallego, Julian Andres"]
[Black "Mateus Urbano, Luis Alejandro"]
[Result "1/2-1/2"]
[WhiteElo "2182"]
[BlackElo "2357"]
[PlyCount "95"]
[EventDate "2021.10.14"]
[EventType "swiss"]
[EventRounds "10"]
[EventCountry "COL"]
[SourceTitle "CBM 204 Extra"]
[Source "ChessBase"]
[SourceDate "2021.11.30"]
[SourceVersion "1"]
[SourceVersionDate "2021.11.30"]
[SourceQuality "1"]

1. d4 d5 2. c4 c6 3. cxd5 cxd5 4. Bg5 Nc6 5. Nc3 f6 6. Bd2 Bf5 7. e3 e6 8. Qb3 Qb6 9. Nb5 Rc8 10. Rc1 Kd7 11. Nf3 a6 12. Na3 Qxb3 13. axb3 Bd6 14. Nh4 Bg4 15. Be2 Bxe2 16. Kxe2 g5 17. Nf3 Nge7 18. h3 h5 19. Nb1 Nf5 20. Nc3 g4 21. Ne1 gxh3 22. Rxh3 Na5 23. Na2 Nxb3 24. Rxc8 Kxc8 25. g4 Ng7 26. Bc3 f5 27. gxf5 Nxf5 28. Kd3 Bc7 29. Ng2 Kd7 30. Kc2 Na5 31. Bxa5 Bxa5 32. Nc1 Bc7 33. Nd3 Bd6 34. Nh4 Nxh4 35. Rxh4 Ke7 36. Kd2 Kf6 37. Rh1 Kf5 38. Ke2 h4 39. f4 a5 40. Kf3 a4 41. Rc1 Rg8 42. Nf2 b5 43. Rc6 Rd8 44. Ra6 Be7 45. Ra7 Kf6 46. Ng4+ Kf7 47. Ne5+ Kf6 48. Ng4+ 1/2-1/2